Domestic architecture of H. T. Lindeberg /

Bibliographic Details
Main Author: Lindeberg, H. T. (Harrie Thomas), 1879-1959
Format: Book
Language:English
Published: New York : W. Helburn inc., 1940.
Subjects:

MARC

Tag First Indicator Second Indicator Subfields
LEADER 00000cam a2200000 4500
001 in00000027390
005 20190223063124.0
008 760311s1940 nyuaef 00010 eng
010 |a  41001933  
035 |a (OCoLC)02044067 
035 |9 AAD1799AM 
040 |a DLC  |c TEU  |d OCL  |d TXA  |d UtOrBLW 
049 |a TXAS  |c [93949] 
050 0 0 |a NA737.L5  |b A43 
082 0 |a 728.0973 
090 |a NA737.L5  |b A43 1940 
092 |a 728  |b L743d 
100 1 |a Lindeberg, H. T.  |q (Harrie Thomas),  |d 1879-1959. 
245 1 0 |a Domestic architecture of H. T. Lindeberg /  |c with an introduction by Royal Cortissoz. 
264 1 |a New York :  |b W. Helburn inc.,  |c 1940. 
300 |a xvi pages, 1 ., 310 pages, 1 . including color frontispiece, illustrations (including plans) :  |b color plates. ;  |c 38 x 29 cm. 
336 |a text  |b txt  |2 rdacontent 
337 |a unmediated  |b n  |2 rdamedia 
338 |a volume  |b nc  |2 rdacarrier 
500 |a Includes 304 pages of illustrations. 
500 |a "1000 copies of this edition have been printed." 
650 0 |a Architecture, Domestic  |z United States. 
650 0 |a Architecture, Domestic  |v Designs and plans. 
999 |a MARS 
999 f f |s 38a45a2e-3d58-3b34-a5b1-cfcff44bd1f5  |i 4bce4595-c317-3143-9c8d-0ba732f5773f  |t 0 
952 f f |p noncirc  |a Texas A&M University  |b College Station  |c Cushing Memorial Library & Archives  |d Cushing: Rare Books (Does not check out)  |t 0  |e NA737.L5 A43 1940  |f Oversize  |h Library of Congress classification  |i unmediated -- volume 
998 f f |a NA737.L5 A43 1940  |t 0  |l Cushing: Rare Books (Does not check out)